000 00324nam a2200133Ia 4500
005 20251222140034.0
008 251222s1900||||xx |||||||||||||| ||spa||
082 _a223.9/A78
100 _a Artola, Antonio MarĂ­a
245 0 _aEl Cantar de los Cantares:
250 _a1ra.ed.
264 _bParroquia del Pilar
942 _cLIB
999 _c3076
_d3076